| 000 | 01366nam a22003257i 4500 | ||
|---|---|---|---|
| 999 |
_c22711 _d22711 |
||
| 003 | AR-CdUCM | ||
| 008 | 231005b20212021pe o|||| |||| 00| 0 spa d | ||
| 020 | _a978-612-48745-1-2 | ||
| 040 |
_aMUNICIPALIDAD PROVINCIAL DEL CUSCO _cBIBLIOTECA MUNICIPAL DEL CUSCO |
||
| 041 | _hspa | ||
| 082 |
_a327.85 / G231 _bG231 |
||
| 100 |
_aGarcía Belaunde, José Antonio _948932 |
||
| 245 | _aDos siglos de desafíos en la política exterior peruana / | ||
| 260 |
_aLima : _bMinisterio de Cultura Lima, Proyecto Especial del Bicentenario de la Independencia del Perú, _c2021. |
||
| 300 |
_a202 páginas. : _c21 cm. |
||
| 500 | _zBibliografía: páginas 199 - 202 | ||
| 505 | _aSobre identidad e independencia -- La república amenazada -- Límites con Bolivia -- Límites con Brasil -- Límites con Colombia -- Límites con Ecuador -- Cuestión con Chile -- Límites marinos -- La integración económica y la cooperación | ||
| 650 |
_aIndependencia _9625 |
||
| 650 |
_a Cooperación latinoamericana _949102 |
||
| 650 |
_aMar de Perú, 200 millas _949103 |
||
| 650 |
_a Hipotecas territoriales _949104 |
||
| 650 |
_aEcuador _949261 |
||
| 650 |
_aBolivia _91138 |
||
| 650 |
_aColombia _9140 |
||
| 650 |
_aBrasil _91261 |
||
| 650 |
_aLímites territoriales _949106 |
||
| 856 | _fwww.bicentenario.gob.pe | ||
| 942 |
_2ddc _cLIBROS |
||
| 945 |
_apebm _d2023-10-05 |
||